Mercantile Law/ (Record no. 191002)

MARC details
000 -LEADER
fixed length control field 00532nam a22001817a 4500
005 - DATE AND TIME OF LATEST TRANSACTION
control field 20220817111204.0
010 ## - LCCN (DPL NO)
LC control number ENG-134443
020 ## - INTERNATIONAL STANDARD BOOK NUMBER
Terms of availability 200.00
International Standard Book Number 9789390082087
035 ## - SYSTEM CONTROL NUMBER
System control number EN-117975
037 ## - SOURCE OF ACQUISITION
Source of stock number/acquisition DBAD/PUB
082 ## - DEWEY DECIMAL CLASSIFICATION NUMBER
Classification number 658.882
100 ## - MAIN ENTRY--PERSONAL NAME
Personal name S,J.Abul Hassan
245 ## - TITLE STATEMENT
Title Mercantile Law/
Statement of responsibility, etc by S,J.Abul Hassan
260 ## - PUBLICATION, DISTRIBUTION, ETC. (IMPRINT)
Name of publisher, distributor, etc Shanlax Publications
Date of publication, distribution, etc 2020
Place of publication, distribution, etc Madurai
270 ## - ADDRESS
Address 61,66 T.P.K.Main Road Vasantha Nagar,
City Madurai
Postal code 625003
300 ## - PHYSICAL DESCRIPTION
Extent 207p.:
Dimensions 22cm(pbk)
Other physical details ill.
942 ## - ADDED ENTRY ELEMENTS (KOHA)
Source of classification or shelving scheme Dewey Decimal Classification
Item type English Books
Classification part 658.882
Call number suffix SJA
Holdings
Withdrawn status Lost status Not for loan Collection code Home library Current library Date acquired Source of acquisition Cost, normal purchase price Full call number Barcode Copy number Cost, replacement price Koha item type
      Non-fiction Ashok Vihar Ashok Vihar 17/08/2022 DBAD/PUB 200.00 658.882 SJA EN-117975 1 200.00 English Books

© Delhi Public Library
Hit Counter
free hit counter